Premier league clubs nicknames Quiz Stats

 Plays Quiz not verified by Sporcle

Challenge
Share
Tweet
Embed
Score 0/20 Timer 10:00
0 Plays Today
club nickname % Correct
ArsenalGunners
97.3%
Chelsea Blues
94.6%
LiverpoolReds
94.6%
Manchester UnitedRed Devils
89.2%
Swansea CitySwans
83.8%
EvertonToffees
81.1%
SouthamptonSaints
81.1%
West Ham UnitedHammers
78.4%
Norwich CityCanaries
75.7%
Newcastle UnitedMagpies
70.3%
club nickname % Correct
Sunderland Black Cats
64.9%
Aston VillaVillains
62.2%
Stoke CityPotters
62.2%
FulhamCottagers
59.5%
Manchester CityCitizens
59.5%
West Bromwich AlbionBaggies
51.4%
Wigan AthleticLatics
51.4%
ReadingRoyals
48.6%
Queens Park RangersHoops
45.9%
Tottenham HotspurLillywhites
40.5%

You're not logged in!

Compare scores with friends on all Sporcle quizzes.
Join for Free
OR
Log In

You Might Also Like...

Show Comments

Extras

Top Quizzes Today


Score Distribution

Your Account Isn't Verified!

In order to create a playlist on Sporcle, you need to verify the email address you used during registration. Go to your Sporcle Settings to finish the process.

Report this User

Report this user for behavior that violates our Community Guidelines.

Details: